Molière, le spectacle musical - Statistiques

Statistiques générales
  • Ce quiz a été pris 7 fois
  • Le résultat moyen est 14 sur 16
Statistiques - réponses
# Chanson % Correct
3 On se moque
100%
5 Regardez-moi
100%
1 Rêver j'en ai l'habitude
100%
11 T'aimer est une galère
100%
2 À quoi ça rime
86%
8 C'est la vie qui m'a fait
86%
14 Demander pardon
86%
4 Et si c'était nous deux ?
86%
16 Je m'appelle Jean-Baptiste
86%
10 L'amour dont elle m'a privé
86%
12 L'ivresse de la vie
86%
6 Moi je veux
86%
15 Ne dis rien
86%
7 Tu finiras par tomber
86%
9 Aujourd'hui tout va bien
71%
13 En aparté
71%
Aucun quiz correspondant
Distribution des résultats
% des personnes avec chaque résultat
Percentile par nombre de réponses
Votre historique - résultats
Vous n’avez pas pris ce quiz